Exercices & problemes de mathematiques : (avec leurs solutions) : a l'usage de la classe terminale A

Saved in:
Bibliographic Details
Main Author: Combes, A. (Andre), 1905-1987
Format: Book
Language:French
Published: Paris : Libraire Vuibert, 1969
Subjects:
Tags: Add Tag
No Tags, Be the first to tag this record!

MARC

LEADER 00000cam a2200000 a 4500
001 1/106735
008 150604s1969####fr | ||| |||| ||fre||
040 |a GR-MyUa  |b gre  |c GR-MyUa  |e AACR2 
041 0 |a fre 
082 7 |a 510.76   |2 (23) 
100 1 |a Combes, A.   |q (Andre),   |d 1905-1987. 
245 1 0 |a Exercices & problemes de mathematiques :   |b (avec leurs solutions) : a l'usage de la classe terminale A /   |c par A. Combes. 
246 1 |a Exercices et problemes de mathematiques  
260 |a Paris :   |b Libraire Vuibert,   |c 1969  
300 |a 189 σ. :   |b σχέδια ;   |c 21 εκ.  
500 |a Classe terminale A  
650 0 |a Mathematics  |x Problems, exercises, etc. 
852 |a INST  |b SAMOS  |c MAG  |e 20150604  |h 510.76 COM  |p 005300034932  |q 005300034932  |t BK  |y 0 
970 |a Σιτζίμη   |b Γιασεμή   |z 04/06/2015